000 00841nam a22002057a 4500
999 _c4978
_d4978
003 AR-CdUCM
008 190311b ||||| |||| 00| 0 spa d
040 _aMUNICIPALIDAD PROVINCIAL DEL CUSCO
_cBIBLIOTECA MUNICIPAL DEL CUSCO
082 _a901 /
_bC28
100 _aCassirer, Ernt
_915249
245 _aLas Ciencias de la Cultura /
260 _aMéxico :
_bFondo de Cultura Economica ,
_c1955.
300 _a191 páginas ;
_c17.5 cm.
505 _aContenido : El objeto de las ciencias Culturales -- Percepcion de las cosas y de expresiones -- Conceptos naturales y conceptos culturales -- el problema de la forma y el problema causal -- La Tragedia de la Cultura...
650 _aAxiologia de la Cultura
_915223
650 _aCiencias Culturales
_915250
650 _aNaturaleza y Cultura
_915251
942 _2ddc
_cLIBROS
945 _artm